00375nam a2200145 4500020001800000082001400018100002100032245006800053250000600121260003200127300001000159650002000169650002500189650001500214 a9788126412501 aM3bBAL/A aBalakrishnan C V aAvanavante anandam kandethanulla vazhikal/cby Balakrishnan C V a7 aKottayam:bD C Books,c2022 a294p. aNovel Malayalam aLiterature Malayalam aLiterature